| 000 | 00363nam a22001577a 4500 | ||
|---|---|---|---|
| 005 | 20160629135630.0 | ||
| 008 | 160629b xxu||||| |||| 00| 0 eng d | ||
| 041 | _aeng | ||
| 082 | _b11043 | ||
| 100 |
_aHarsda, Harihar _93197 |
||
| 245 | _aSanthali Geeto ka lok Sang | ||
| 260 | _bBihar Adivas sangh | ||
| 300 | _a19 | ||
| 650 |
_aManagement _9241 |
||
| 942 | _cBK | ||
| 999 |
_c4696 _d4694 |
||